Szczegóły MARC21

Geschichte der deutschen Sprache : mit Texten und Übersetzungshilfen /

003 -Nazwa inst., której nr kontr. jest w polu 001 [,]
    • @
    • Nazwa instytucji, której n kontrolny jest w polu 001
    • NUKAT
005 -DATA I CZAS OSTATNIEJ MODYFIKACJI [,]
    • @
    • pole kontrolne
    • 20241231095043.0
040 -Instytucja sporządzająca opis [ , ]
    • a
    • Instytucja, która sporządziła opis (NP)
    • LUBL U/ISA
    • b
    • Język katalogowania
    • pol
    • e
    • Zasady katalogowania
    • rda
    • c
    • Instytucja, która sporządziła rekord (NP)
    • LUBL U/ISA
    • d
    • Instytucja, która zmodyfikowała rekord (P)
    • LUBL U/EM
    • d
    • Instytucja, która zmodyfikowała rekord (P)
    • KAT U/46MMs
942 -Rodzaj dokumentu [ , ]
    • c
    • Rodzaj dokumentu
    • Książka
245 -Strefa tytułu i oznaczenia odpowiedzialności [0,0]
    • a
    • Tytuł
    • Geschichte der deutschen Sprache : Find
    • b
    • Ciąg dalszy tytułu (NP)
    • mit Texten und Übersetzungshilfen / Find
    • c
    • Pozostałe elementy strefy tytułu i oznaczenia odpowiedzialności (NP)
    • verfaßt von einem Autorenkollektiv unter der Leitung von Wilhelm Schmidt ; Autoren: Rudolf Bentzinger [i inni].
250 -Strefa wydania [ , ]
    • a
    • Oznaczenie wydania (NP)
    • 5. überarbeitete und erweiterte Auflage.
260 -Strefa adresu wydawniczego [ , ]
    • a
    • Miejsce wydania (P)
    • Berlin :
    • b
    • Nazwa wydawcy (P)
    • Volk und Wissen Volkseigener Verlag,
    • c
    • Data wydania (P)
    • 1984.
300 -Strefa opisu fizycznego [ , ]
    • a
    • Określenie formy książki i/lub objętość (NP)
    • 412 stron, [4] karty tablic kolorowych :
    • b
    • Oznaczenie ilustracji (NP)
    • ilustracje ;
    • c
    • Format (NP)
    • 25 cm +
    • e
    • Oznaczenie dokumentu towarzyszącego (NP)
    • [4] karty tablic złożonych luzem.
336 -Typ zawartości [ , ]
    • a
    • Termin opisujący typ zawartości
    • Tekst
    • b
    • Kod określający zawartość
    • txt
    • 2
    • Źródło (terminu i kodu)
    • rdacontent
337 -Typ mediów [ , ]
    • a
    • Tryb odtwarzania
    • Bez urządzenia pośredniczącego
    • b
    • Kod typu mediów
    • n
    • 2
    • Źródło (terminu i kodu)
    • rdamedia
338 -Typ/rodzaj nośnika [ , ]
    • a
    • Hasło opisujące typ nośnika
    • Wolumin
    • b
    • Kod typu nośnika
    • nc
    • 2
    • Źródło (terminu i kodu)
    • rdacarrier
504 -Uwaga dot. bibliogr. załącznikowej [ , ]
    • a
    • Uwaga dot. bibliografii załącznikowej
    • Bibliografia na stronach 395-407. Indeksy.
650 -Hasło przedmiotowe [ ,7]
    • a
    • Hasło przedmiotowe
    • Język niemiecki
    • x
    • Określnik rzeczowy
    • historia.
    • 2
    • Źródło terminu
    • kaba
    • 9
    • KHW
    • 386503
650 -Hasło przedmiotowe [ ,7]
    • a
    • Hasło przedmiotowe
    • Język niemiecki
    • x
    • Określnik rzeczowy
    • historia
    • v
    • Określnik formalny
    • podręczniki akademickie.
    • 2
    • Źródło terminu
    • kaba
    • 9
    • KHW
    • 401344
700 -Hasło dodatkowe - nazwa osobowa [1, ]
    • a
    • Nazwa osobowa (NP)
    • Schmidt, Wilhelm Find
    • d
    • Daty biograficzne (NP)
    • (1914-1982).
    • e
    • Określenie rodzaju współpracy
    • Autor
    • 9
    • KHW
    • 50924
700 -Hasło dodatkowe - nazwa osobowa [1, ]
    • a
    • Nazwa osobowa (NP)
    • Bentzinger, Rudolf Find
    • d
    • Daty biograficzne (NP)
    • (1936- ).
    • e
    • Określenie rodzaju współpracy
    • Autor
    • 9
    • KHW
    • 435142
710 -Hasło dodatkowe - nazwa ciała zbiorowego [2, ]
    • a
    • Nazwa ciała zbiorowego lub nazwa geograficzna jako pierwszy element (NP)
    • Volk und Wissen Verlag.
    • e
    • Rodzaj współpracy
    • Wydawca
    • 4
    • Kod relacji
    • pbl
    • 9
    • KHW
    • 60830
Numer inwentarzowy Sygnatura Status udost. Lokalizacja
W.133447W.1230292BG
W.123029W.123029-3BG
W.133926W.123029-3BG
W.133927W.123029-3BG
W.133326 -3BG
W.133327 -3BG
W.133328 -3BG
W.133329W.123029-3BG
W.133330W.123029-3BG
W.133331W.123029-3BG
W.133332W.123029-3BG
W.133333W.123029-3BG
W.133334W.1230292BG
W.133335W.1230292BG
W.133336W.123029-3BG
W.133337W.123029-3BG
W.133338W.123029-3BG
G.6023 2BM
G.196Germ. Historia jęz. niem. 01-3BM
JO.254GERM. Historia jęz. niem. 021BM
G.6025 1BM
G.6027 1BM